000 00308nam a22001337a 4500
008 181217b xxu||||| |||| 00| 0 eng d
020 _a0894438506
041 _aeng
080 _a610
100 _a4
101 _aSHM
245 _aEpidemiology in Health Services Management
_cDever,G.E
942 _2udc
_cBK
999 _c53184
_d53184